Quando o seu amor é um mentiroso (Registo nº 10615)

Detalhes MARC
000 -Etiqueta do registo
Valores 00676nam a22001811i 4500
090 ## -
-- 10615
010 ## - Número ISBN
ISBN 9789727595457
100 ## - Dados gerais de processamento
Dados gerais 20170304u u u0frey50 ba
200 1# - Titulo e menção de responsabilidade
Primeira menção de responsabilidade Sussan Forward
Título próprio Quando o seu amor é um mentiroso
Informação de outro título como curar a dor das mentiras e traições
215 ## - Descrição física 
Paginação / Volumes 246p
Dimensões 21 cm
210 ## - Publicação
Nome do editor Temas e Debates
Local de publicação Lisboa
Data de publicação 2002
702 #1 - Autor secundário (pessoa individual)
Apelido Sauer
Nome Alyda Christina
-- 730
701 #1 - Co-autor principal (pessoa individual)
Apelido Frazier
Nome Donna
-- 070
700 #1 - Autor principal (pessoa individual)
Apelido Forward
Nome Sussan
-- 070
996 ## - ISO2709
-- 0011633
-- FOR
-- 00000000
-- 00000000
-- BMVA
-- 1
-- Viana do Alentejo
-- Psicologia
-- 25
-- Livro
-- 0
-- 1
996 ## - ISO2709
-- 0014819
-- FOR
-- 00000000
-- 00000000
-- BMVAAG
-- 4
-- Aguiar
-- Psicologia
-- 25
-- Livro
-- 0
-- 1
990 ## - Elementos KOHA
Tipo de documento Livro
Exemplares
Situação do levantamento Estado Biblioteca de origem Biblioteca de empréstimo Código de barras Cota Permissão de empréstimo Tipo de documento
  Completo Biblioteca Municipal de Viana Do Alentejo Biblioteca Municipal de Viana Do Alentejo 0015016 159.9 FOR Disponível Livro
  Completo Biblioteca Municipal de Viana Do Alentejo Biblioteca Municipal de Viana Do Alentejo Pólo Aguiar 0017419 159.9 FOR Disponível Livro




Powered by Koha